Statistics for Top 5 San Antonio Spurs Players Per Position

Click here to take the quiz!

General Stats

  • This quiz has been taken 33 times
  • The average score is 11 of 25

Answer Stats

Position # Player WS % Correct
PG1Tony Parker110.4
100%
C1David Robinson178.7
100%
PF1Tim Duncan206.4
100%
SG2Manu GinĂ³bili106.4
97%
SG1George Gervin107.4
87%
SF1Kawhi Leonard56.3
83%
PF2LaMarcus Aldridge42.1
80%
SF3Bruce Bowen35.3
77%
PG3Avery Johnson47.3
77%
SF2Sean Elliott54.3
60%
SG3Danny Green33.1
43%
C4Tiago Splitter23.4
37%
C2Artis Gilmore40.2
37%
PG5Patty Mills29.6
37%
SG5Alvin Robertson27.2
37%
PG2James Silas57.9
30%
SG4Vinny Del Negro31.2
23%
PG4Johnny Moore30.2
20%
PF3Larry Kenon37.4
10%
C3Billy Paultz30.4
3%
SF4Mike Mitchell31.7
3%
C5Coby Dietrick21.0
3%
PF4John Beasley32.7
0%
PF5Mark Olberding31.3
0%
SF5Gene Banks23.3
0%

Score Distribution

Percentile by Number Answered

Percent of People with Each Score

Your Score History

You have not taken this quiz